Trouvez les pays frontaliers - Allemagne - Statistiques

Statistiques générales
  • Ce quiz a été pris 51 fois
  • Le résultat moyen est 9 sur 9
Statistiques - réponses
Longueur de leur frontière commune Pays % Correct
451 km France
100%
334 km Suisse
100%
167 km Belgique
98%
577 km Pays-Bas
98%
456 km Pologne
98%
138 km Luxembourg
93%
646 km République Tchèque
93%
784 km Autriche
91%
68 km Danemark
88%
Aucun quiz correspondant
Distribution des résultats
% des personnes avec chaque résultat
Percentile par nombre de réponses
Votre historique - résultats
Vous n’avez pas pris ce quiz